00000000nam 2200000zi 4500
0019.895122
003CaOODSP
00520250121091709
006m     o  d f      
007cr cn|||||||||
008210108t19721971onc|||||obi  f00| 0 eng d
040 |aCaOODSP|beng|erda|cCaOODSP
043 |an-cn---
0861 |aNR24-71/1972E-PDF
24500|aCanadian Code for Construction Safety 1970.
250 |aFirst printing - 1972.
264 1|aOttawa : |bNational Research Council of Canada, Associate Committee on the National Building Code, |c[1972]
264 4|c@1971
300 |a1 online resource (43 pages)
336 |atext|btxt|2rdacontent
337 |acomputer|bc|2rdamedia
338 |aonline resource|bcr|2rdacarrier
500 |aIssued also in French under title: Code canadien de sécurité en construction 1970.
500 |aDigitized edition from print [produced by National Research Council of Canada].
500 |a"NRCC No. 11560."
504 |aIncludes bibliographical references and index.
650 0|aBuilding laws|zCanada.
650 0|aConstruction industry|xSafety regulations|zCanada.
7102 |aNational Research Council of Canada. |bAssociate Committee on the National Building Code, |eissuing body.
77508|tCode canadien de sécurité en construction 1970.|w(CaOODSP)9.946105
794 |tCanadian Construction Safety Code 1975.|b1975 edition|w(CaOODSP)9.895125
85640|qPDF|s2.18 MB|uhttps://publications.gc.ca/collections/collection_2024/cnrc-nrc/NR24-71-1972-eng.pdf